| 000 | 00819cam a2200229 4500 | ||
|---|---|---|---|
| 001 | ABS65565 | ||
| 008 | 020521n2002 000 0 eng u | ||
| 035 | _a(Sirsi) u118067 | ||
| 100 | _aAmbrose, J | ||
| 245 | 2 | _aA radical plan for Plymouth | |
| 260 | _c2002 | ||
| 490 |
_aCSM _bChartered Surveyor Monthly _vMay 2002, 18-19(2) |
||
| 520 | _aFocuses on Plymouth's regeneration strategy up to 2011 as outlined in its local plan. Lists a range of innovative concepts such as urban villages and strategic opportunity areas; making use of former Ministry of Defence property; planning a Light Rapid Transit (LRT) system. | ||
| 590 | _aABS | ||
| 650 | _aPLYMOUTH | ||
| 650 | _aLOCAL PLAN | ||
| 650 | _aLIGHT RAPID TRANSIT | ||
| 650 | _aURBAN VILLAGES | ||
| 650 | _aLRT | ||
| 690 | _aREGENERATION | ||
| 942 | _n0 | ||
| 999 |
_c70306 _d70306 |
||